| 000 | 01303nam0a22002411 4500 | ||
|---|---|---|---|
| 001 | rc\413061 | ||
| 005 | 20260406221616.0 | ||
| 035 | _a(NLR Aleph) 005660883 | ||
| 090 |
_a6871716 _c6871716 |
||
| 100 | _a20030616d1988 |||y0rusy50 ca | ||
| 101 | 0 | _arus | |
| 102 | _aRU | ||
| 105 | _aa ||||||||| | ||
| 200 | 1 |
_a"Город причудливо странный..." _eВыст. живопис. работ Афонина Владимира Васильевича и Смирнова Владимира Борисовича _eКаталог _f[Вступ. ст. Ю.А. Беляева, искусствовед, к. ист. н.] |
|
| 210 |
_aМ. _cУпрполиграфиздат _d1988 |
||
| 215 |
_a1 л. слож. в [8] с. _cил., портр. _d24 |
||
| 300 | _aВ надзаг.: Центр. дом пропаганды Всерос. о-ва охраны памятников истории и культуры | ||
| 710 | 1 | 0 |
_aАфонин, _eМосква _f1988 _gВладимир Васильевич, Смирнов, Владимир Борисович _hВыставка произведений "Город причудливо странный" _9449596 _3RU\NLR\AUTH\889976390 |
| 801 | 0 |
_aRU _bNLR _gpsbo |
|
| 801 | 1 |
_aRU _bELAR _2rusmarc |
|
| 852 |
_aNLR _bЭ _jКП/А946 |
||
| 942 | _cBOOK | ||
| 980 | _aNB | ||